00325nam a2200133Ia 45000030006000000080041000060400015000471000031000622450018000932600043001113000006001545460014001600050017001740STCL150530s9999 xx 000 0 und d aSTCLcSTCL aVailoppilli Sreedharamenon aAnthichayunnu bCurrent Book; Thrissurc1995aThrissur a0 aMalayalam20220125170718.0